待避ができる西武線の駅サドンデス - Statistics

General Stats
  • This quiz has been taken 69 times
  • The average score is 6 of 9
Answers on the Grid
Answers color-coded by a green-red scale on the quiz's grid according to % correct below.
秋津
狭山市
入間市
東大和市
東伏見
東長崎
花小金井
高田馬場
桜台
ひばりヶ丘
吾野
上石神井
西武柳沢
久米川
元加治
東飯能
新桜台
新所沢
武蔵藤沢
田無
中井
 
Answer Stats
Answer % Correct
入間市
82%
ひばりヶ丘
80%
田無
80%
上石神井
76%
新所沢
73%
東長崎
67%
中井
65%
東伏見
61%
吾野
51%
No matching quizzes found
Score Distribution
Percent of People with Each Score
Percentile by Number Answered
Your Score History
You have not taken this quiz